000 00232nam a22001217a 4500
999 _c164950
_d164950
082 _a
_b
100 _aSaroj
245 _aGayazi/
_cby Saroj.
260 _aNew Delhi:
_bVinod,
_c
300 _a248p.
650 _a
942 _cBK